[Event "Wloclawek CC Classic 12th"]
[Site "Wloclawek"]
[Date "2015.??.??"]
[Round "4"]
[White "Milecki, Robert"]
[Black "Kandelszajn, Krzysztof"]
[Result "1-0"]
[WhiteElo "1409"]
[BlackElo "1000"]
[PlyCount "75"]
[EventDate "2015.03.??"]
[EventType "swiss"]
[EventRounds "7"]
[EventCountry "POL"]
[SourceTitle "EXT 2021"]
[Source "ChessBase"]
[SourceDate "2020.10.23"]
[SourceVersion "1"]
[SourceVersionDate "2020.10.23"]
[SourceQuality "1"]

1. e4 e6 2. d4 b6 3. Bf4 Nf6 4. Nc3 Bb4 5. Bd3 Bb7 6. Qe2 Nc6 7. Nf3 h6 8. 0-0 Bxc3 9. bxc3 g5 10. Be5 Rg8 11. Bxf6 Qxf6 12. e5 Qg7 13. Nd2 a6 14. Ne4 Kd8 15. Nf6 Rh8 16. f4 Ne7 17. Nh5 Qg8 18. Rf2 Nd5 19. fxg5 Qxg5 20. Qf3 c6 21. c4 Nc3 22. Qxf7 Kc7 23. Nf6 Rad8 24. Qe7 b5 25. cxb5 Nxb5 26. Bxb5 axb5 27. a4 bxa4 28. Qd6+ Kc8 29. Ne4 Qe3 30. Nf6 Rhf8 31. Rb1 a3 32. Qb4 Qc1+ 33. Rxc1 Rf7 34. Qxa3 Rdf8 35. Rb1 Kc7 36. Qa5+ Kb8 37. Qb6 d5 38. Nd7+ 1-0